| 000 | 00390nam a2200145Ia 4500 | ||
|---|---|---|---|
| 005 | 20251222151326.0 | ||
| 008 | 251222s9999||||xx |||||||||||||| ||spa|| | ||
| 020 | _a9786124126079 | ||
| 082 | _a641.598.5/V57 | ||
| 100 | _aVetter Parodi, Luisa MarÍa | ||
| 245 | 0 | _aLa Cocina en las Comunidades Campesinas del Perú | |
| 250 | _a1ra.ed. | ||
| 264 | _bPunto & Gráfia S.A.C. | ||
| 942 | _cLIB | ||
| 999 |
_c23919 _d23919 |
||